000 00717nam a22001935i 4500
001 68551
003 ES-MaACL
005 20230906170314.0
007 t|
008 960808s1888 sp ||||1| spa d
040 _aCAM
_bspa
_cCAM
100 1 _aGarrido y Escuin, Victoriano.
_955732
245 1 3 _aLa cárcel ó el manicomio
_b: estudio médico legal sobre la locura /
_cpor Victoriano Garrido y Escuin ...; con un prólogo del doctor José María Esquerdo.
260 _aMadrid :
_bCasa editorial de José María Faquineto,
_c[1888]
300 _aXXXII, 386 p. ;
_c19 cm.
500 _aEl año consta al final del prólogo.
700 1 _aEsquerdo, José María (
_d1842-1912)
_9152584
852 _aES-MaACL
_jD-947
999 _c68551
_d68551